| 000 | 00579cam a22001571 4500 | ||
|---|---|---|---|
| 082 |
_a620.112 _bCAS _cD |
||
| 100 | 1 |
_aCase, John, _940726 |
|
| 245 | 1 | 4 |
_aThe strength of materials; _ba treatise on the theory of stress calculations for engineers, _cby John Case. |
| 260 |
_aNew York, _bLongmans, Green & co.; _aLondon, _bE. Arnold & co., _c1925. |
||
| 300 |
_aviii, 558 p. _bdiagrs. _c24 cm |
||
| 500 | _aPrinted in Great Britain. | ||
| 526 |
_a0 _b0 _c0 _d620_112000000000000_CAS |
||
| 650 | 0 |
_aStrains and stresses. _928238 |
|
| 650 | 0 |
_aStrength of materials. _9563 |
|
| 942 |
_2ddc _cBK |
||
| 999 |
_c545012 _d545012 |
||